|
|
|
|
| LEADER |
00000nam a22000007a 4500 |
| 005 |
20110906135944.0 |
| 008 |
110906t2011 mx ||||s|||| 00| 0 spa d |
| 020 |
|
|
|a 978-607-16-0597-9 (Volumen I)
|
| 020 |
|
|
|a 978-607-16-0596-2 (Volumen II)
|
| 035 |
|
|
|a 5653
|
| 035 |
|
|
|a 5654
|
| 040 |
|
|
|a vLex
|
| 090 |
|
|
|c 2396
|d 2396
|
| 100 |
1 |
|
|a Serrano Migalln̤, Fernando
|
| 245 |
1 |
3 |
|a La vida constitucional de Mx̌ico
|h [Recurso electrn̤ico] /
|c Fernando Serrano Migalln̤.
|
| 256 |
|
|
|a Servicio en ln̕ea.
|
| 260 |
|
|
|a [Mx̌ico] :
|b Fondo de Cultura Econm̤ica,
|c 2011.
|
| 300 |
|
|
|a 1 recurso electrn̤ico
|
| 505 |
|
|
|a Contiene: Volumen I: Constituciones impuestas; Volumen II: Textos preconstitucionales
|
| 506 |
1 |
|
|a Contenido solo disponible en los productos indicados
|d vLex Global
|d vLex Global (Academic Edition, excluding Law Schools)
|d vLex Global (U.S. Academic Edition, Law Schools)
|d vLex Global (U.S. Academic Edition, excluding Law Schools)
|d vLex Global (Academic Edition, Law Schools)
|
| 506 |
1 |
|
|a Contenido solo disponible en los productos indicados
|d vLex Global
|d vLex Global (Academic Edition, excluding Law Schools)
|d vLex Global (U.S. Academic Edition, Law Schools)
|d vLex Global (U.S. Academic Edition, excluding Law Schools)
|d vLex Global (Academic Edition, Law Schools)
|
| 650 |
0 |
4 |
|a Derecho constitucional
|z Mx̌ico
|
| 740 |
0 |
|
|a vLex Libros (Servicio en ln̕ea)
|
| 856 |
4 |
0 |
|u http://vlex.com/source/vida-constitucional-mexico-volumen-i-5653
|z Acceso restringido. Volumen I
|
| 856 |
4 |
0 |
|u http://vlex.com/source/vida-constitucional-mexico-volumen-ii-5654
|z Acceso restringido. Volumen II
|
| 942 |
|
|
|c BOOK
|